000 00548nam a2200193Ia 4500
005 20250508164855.0
008 008 250505s9999 xx 000 0 eng d
037 _aDissertations
040 _aFEDL
_beng
_cFEDL
041 _aeng
_2eng
084 _a372, SHA/DI
_qFEDL
100 _aSharma Monika
245 0 _aContemporary elementary education: The discourse of teachers
260 _c2005
300 _a203p.
546 _aM. Ed. Dissertation (Delhi University)
942 _cDIS
_h372, SHA/DI
999 _c1391730
_d1391730